[Event "EU-ch (Women) 4th"]
[Site "Istanbul"]
[Date "2003.06.02"]
[Round "1"]
[White "Socko, Monika"]
[Black "Gerasimovitch, Olga"]
[Result "1-0"]
[WhiteElo "2381"]
[BlackElo "2200"]
[PlyCount "129"]
[EventDate "2003.06.02"]
[EventType "swiss"]
[EventRounds "11"]
[EventCountry "TUR"]
[SourceTitle "CBM 094 Extra"]
[Source "ChessBase"]
[SourceDate "2003.07.09"]
[SourceVersion "2"]
[SourceVersionDate "2003.07.09"]
[SourceQuality "1"]

1. d4 d5 2. c4 c6 3. cxd5 cxd5 4. Nc3 Nf6 5. Bf4 Nc6 6. e3 a6 7. Bd3 Bg4 8. Nge2 e6 9. Qb3 Na5 10. Qa4+ Nc6 11. Qb3 Na5 12. Qc2 Rc8 13. 0-0 b5 14. Bg5 Bb4 15. Ng3 Bd6 16. f3 Bxg3 17. hxg3 Bh5 18. b4 Nc4 19. a4 Qb6 20. axb5 axb5 21. Bxc4 bxc4 22. Qa4+ Nd7 23. g4 Bg6 24. Bf4 f6 25. Bg3 Bf7 26. Rfd1 e5 27. Bf2 Qb7 28. e4 0-0 29. exd5 exd4 30. Bxd4 Ne5 31. Bxe5 fxe5 32. Qb5 Qxb5 33. Nxb5 Rb8 34. Na7 Be8 35. Rab1 Rf6 36. b5 c3 37. Rbc1 Bxb5 38. Rxc3 Rf7 39. Nxb5 Rxb5 40. d6 Rd7 41. Rc7 Rd8 42. Ra1 h6 43. Raa7 Rxd6 44. Rxg7+ Kf8 45. Rgc7 Rb8 46. Rf7+ Kg8 47. Rfe7 Rd5 48. Re6 h5 49. gxh5 e4 50. Rxe4 Rxh5 51. g4 Rc5 52. Kg2 Rf8 53. Ree7 Rfc8 54. Kg3 Rc3 55. g5 Rc1 56. f4 Rg1+ 57. Kf3 Rf1+ 58. Kg4 Rg1+ 59. Kf5 Rc5+ 60. Kf6 Rc6+ 61. Re6 Rc8 62. f5 Rf1 63. Kg6 Rf8 64. Rf6 Rb8 65. Rff7 1-0

[Event "BLR-ch (Women)"]
[Site "Minsk"]
[Date "2003.??.??"]
[Round "3"]
[White "Gerasimovitch, Olga"]
[Black "Kulagina, Svetlana"]
[Result "1-0"]
[WhiteElo "2143"]
[BlackElo "2068"]
[PlyCount "123"]
[EventDate "2003.03.29"]
[EventType "tourn"]
[EventRounds "11"]
[EventCountry "BLR"]
[SourceTitle "EXT 2006"]
[Source "ChessBase"]
[SourceDate "2005.11.24"]
[SourceVersion "1"]
[SourceVersionDate "2005.11.24"]
[SourceQuality "1"]

1. d4 Nf6 2. c4 e6 3. g3 d5 4. Bg2 dxc4 5. Nf3 Nc6 6. Qa4 Bb4+ 7. Bd2 Nd5 8. Ne5 Bd7 9. Nxd7 Qxd7 10. Bxb4 Ndxb4 11. a3 b5 12. Qxb5 Nc2+ 13. Kf1 N6xd4 14. Qxc4 Nxa1 15. Bxa8 0-0 16. Be4 f5 17. Bd3 Qd5 18. Qxd5 exd5 19. Nc3 c6 20. b4 Nab3 21. Kg2 Ne6 22. Rd1 a5 23. e3 axb4 24. axb4 Rb8 25. Bxf5 Kf7 26. b5 cxb5 27. Nxd5 g6 28. Bc2 Nbc5 29. Rb1 Rb7 30. f4 Nd8 31. Kf3 Nc6 32. Nb4 Na5 33. Nd3 Nd7 34. e4 Ke7 35. Bb3 Nxb3 36. Rxb3 Kf7 37. e5 Ke7 38. Ke4 Ke6 39. g4 Rb8 40. f5+ gxf5+ 41. gxf5+ Ke7 42. Kd5 Nb6+ 43. Kc6 Nc4 44. Rb1 Ne3 45. f6+ Kf7 46. Kc7 Ra8 47. Rxb5 Ra3 48. Nf4 Ra4 49. Ne2 Nc4 50. Kd7 Ra2 51. Nd4 Rd2 52. e6+ Kxf6 53. Rf5+ Kg6 54. Rf4 Nb6+ 55. Kc6 Nc8 56. h4 h5 57. Kd7 Nb6+ 58. Ke8 Nd5 59. e7 Kg7 60. Ne6+ Kh6 61. Rf5 Kg6 62. Re5 1-0

[Event "BLR-ch (Women)"]
[Site "Minsk"]
[Date "2003.??.??"]
[Round "11"]
[White "Polivoda, Nadeja"]
[Black "Gerasimovitch, Olga"]
[Result "1/2-1/2"]
[WhiteElo "2161"]
[BlackElo "2143"]
[PlyCount "61"]
[EventDate "2003.03.29"]
[EventType "tourn"]
[EventRounds "11"]
[EventCountry "BLR"]
[SourceTitle "EXT 2006"]
[Source "ChessBase"]
[SourceDate "2005.11.24"]
[SourceVersion "1"]
[SourceVersionDate "2005.11.24"]
[SourceQuality "1"]

1. e4 c5 2. Nc3 Nc6 3. f4 g6 4. Nf3 Bg7 5. Bc4 e6 6. f5 Nge7 7. fxe6 dxe6 8. d3 Nd4 9. Bg5 Qb6 10. Rb1 Nxf3+ 11. gxf3 Nc6 12. 0-0 Bd7 13. a4 a6 14. Kh1 0-0 15. Qd2 Nd4 16. Be3 Qc6 17. a5 Qc7 18. Nd1 Kh8 19. c3 Nb5 20. Ra1 f5 21. Bf4 Nd6 22. Ne3 Qc6 23. Bb3 Nf7 24. Nc4 e5 25. Nb6 Rad8 26. Ba4 Qd6 27. Nxd7 Rxd7 28. Bxd7 exf4 29. Ba4 fxe4 30. fxe4 g5 31. d4 1/2-1/2

[Event "BLR-ch (Women)"]
[Site "Minsk"]
[Date "2003.??.??"]
[Round "2"]
[White "Popova, Natalija"]
[Black "Gerasimovitch, Olga"]
[Result "1-0"]
[WhiteElo "2251"]
[BlackElo "2143"]
[PlyCount "67"]
[EventDate "2003.03.29"]
[EventType "tourn"]
[EventRounds "11"]
[EventCountry "BLR"]
[SourceTitle "EXT 2006"]
[Source "ChessBase"]
[SourceDate "2005.11.24"]
[SourceVersion "1"]
[SourceVersionDate "2005.11.24"]
[SourceQuality "1"]

1. e4 c5 2. Nf3 e6 3. d4 cxd4 4. Nxd4 a6 5. Bd3 Bc5 6. Nb3 Be7 7. Nc3 d6 8. a4 b6 9. 0-0 Nf6 10. Qe2 Qc7 11. f4 Nbd7 12. Kh1 Bb7 13. Be3 0-0 14. Rae1 Rfe8 15. Nd4 Bf8 16. Bd2 Nc5 17. Nf3 g6 18. Qf2 Bg7 19. Qh4 Qe7 20. e5 Nd5 21. Qh3 Nxc3 22. Bxc3 Nxa4 23. exd6 Qxd6 24. Bxg7 Kxg7 25. Ng5 h6 26. Qxh6+ Kxh6 27. Nxf7+ Kg7 28. Nxd6 Re7 29. Nxb7 Rxb7 30. Be4 Rab8 31. Bxb7 Rxb7 32. b3 Nc5 33. b4 Nd7 34. Rxe6 1-0